00322pab a2200121 454500008004000000100001800040245004200058260000900100300000800109362001200117650006000129773001100189180718b1988 xxu||||| |||| 00| 0 eng d aUpadhyay, T.N aFor success of multi - level planning c1988 a4-7 a16 Dec. aAdministrative Decentralisation - India - Uttar Pradesh aYojana